Actrices Oscarisées par images #2 - Statistiques

Statistiques générales
  • Ce quiz a été pris 2 427 fois
  • Le résultat moyen est 8 sur 16
Statistiques - réponses
Par images Réponse % Correct
Marion Cotillard
91%
Julia Roberts
85%
Emma Stone
83%
Jennifer Lawrence
79%
Nicole Kidman
61%
Kate Winslet
59%
Jodie Foster
46%
Jessica Chastain
38%
Julianne Moore
38%
Gwyneth Paltrow
37%
Jane Fonda
35%
Elizabeth Taylor
27%
Hilary Swank
25%
Sophia Loren
21%
Kathy Bates
19%
Helen Hunt
13%
Aucun quiz correspondant
Distribution des résultats
% des personnes avec chaque résultat
Percentile par nombre de réponses
Votre historique - résultats
Vous n’avez pas pris ce quiz